00600nam a2200193Ia 450000500170000000800410001702000180005804100120007608200170008810000220010524500810012726000690020830000150027765000270029265000250031965000240034465000140036870000240038220260429112257.0260429s9999||||xx |||||||||||||| ||und|| a9788197951688 aEnglish a891.431bKAU aKaushik, Prashant 0aEcological and Societal Diversity in the Epic Padmaavat / cPrashant Kaushik aNew Delhi : bToday & Tomorrow's Printers and Publishers,c2025. a348 p.; hb a Ecology in literature a Indian epic studies a Literary criticism aPadmaavat a Kaushik, Purshotam